[Event "Charlotte Holiday GM"]
[Site "Charlotte USA"]
[Date "2020.12.30"]
[Round "8.5"]
[White "Plotkin, Mark"]
[Black "Belous, Vladimir"]
[Result "1/2-1/2"]
[WhiteElo "2435"]
[BlackElo "2524"]
[PlyCount "29"]
[EventDate "2020.12.26"]
[EventType "tourn"]
[EventRounds "9"]
[EventCountry "USA"]
[EventCategory "8"]
[Source "ChessMix"]
[SourceDate "2021.01.01"]

1. e4 c5 2. c3 Nf6 3. e5 Nd5 4. d4 cxd4 5. Nf3 Nc6 6. Bc4 Nc7 7. cxd4 d5 8.
exd6 exd6 9. d5 Ne5 10. Be2 Bg4 11. Nxe5 Bxe2 12. Qxe2 dxe5 13. Qxe5+ Qe7 14.
Qxe7+ Bxe7 15. Nc3 1/2-1/2

[Event "Charlotte Holiday GM"]
[Site "Charlotte USA"]
[Date "2020.12.31"]
[Round "9.2"]
[White "Dragun, Kamil"]
[Black "Plotkin, Mark"]
[Result "1-0"]
[WhiteElo "2565"]
[BlackElo "2435"]
[PlyCount "51"]
[EventDate "2020.12.26"]
[EventType "tourn"]
[EventRounds "9"]
[EventCountry "USA"]
[EventCategory "8"]
[Source "ChessMix"]
[SourceDate "2021.01.01"]

1. e4 g6 2. d4 Bg7 3. Nc3 c6 4. f4 d5 5. e5 Nh6 6. Nf3 Bg4 7. h3 Bxf3 8. Qxf3
Qb6 9. Ne2 f6 10. g4 fxe5 11. fxe5 Na6 12. Bg2 Rf8 13. Qc3 e6 14. Be3 c5 15.
dxc5 Qc7 16. Nd4 Qxe5 17. O-O-O Rc8 18. Kb1 Rxc5 19. Qb3 Nc7 20. Rhe1 Nf7 21.
Nxe6 Qxe6 22. Bxc5 Be5 23. Bxf8 Kxf8 24. Bxd5 Nxd5 25. Qxd5 Qf6 26. Rf1 1-0

[Event "Titled Tuesday 2020.11.10"]
[Site "chess.com INT"]
[Date "2020.11.10"]
[Round "3"]
[White "Kopylov, M."]
[Black "Plotkin, Mark"]
[Result "0-1"]
[WhiteElo "2408"]
[BlackElo "2435"]
[PlyCount "98"]
[EventDate "2020.11.10"]
[EventType "swiss (blitz)"]
[EventRounds "11"]
[EventCountry "NET"]
[Source "Mark Crowther"]
[SourceDate "2020.11.16"]

1. d4 Nf6 2. c4 e6 3. g3 Bb4+ 4. Nd2 O-O 5. Bg2 d6 6. Ngf3 Nc6 7. O-O e5 8. d5
Ne7 9. Nb3 b5 10. cxb5 e4 11. Nfd4 Nexd5 12. Nc6 Qe8 13. Bg5 Bc5 14. Nxc5 dxc5
15. Rc1 a6 16. Rxc5 axb5 17. Rxd5 Qxc6 18. Bxf6 Qxf6 19. Rxb5 Rxa2 20. Qc2 Ba6
21. Rb4 e3 22. fxe3 Qe5 23. Qc3 Qxc3 24. bxc3 Bxe2 25. Rf2 c5 26. Rb1 Rd8 27.
Be4 g6 28. Kg2 f5 29. Bf3 Bxf3+ 30. Kxf3 Rxf2+ 31. Kxf2 Rd2+ 32. Kf3 Rc2 33.
Rb3 c4 34. Ra3 Kg7 35. h4 h6 36. e4 fxe4+ 37. Kxe4 Rg2 38. Kf3 Rd2 39. Kf4 Rd3
40. Ra7+ Kf8 41. Ra3 Kf7 42. Ra7+ Ke8 43. Ra3 Rd5 44. g4 Rd3 45. h5 gxh5 46.
gxh5 Ke7 47. Kf5 Kd6 48. Kg6 Rg3+ 49. Kxh6 Kd5 0-1

[Event "Titled Tuesday 2020.11.10"]
[Site "chess.com INT"]
[Date "2020.11.10"]
[Round "5"]
[White "Zhigalko, Sergei"]
[Black "Plotkin, Mark"]
[Result "1-0"]
[WhiteElo "2572"]
[BlackElo "2435"]
[PlyCount "72"]
[EventDate "2020.11.10"]
[EventType "swiss (blitz)"]
[EventRounds "11"]
[EventCountry "NET"]
[Source "Mark Crowther"]
[SourceDate "2020.11.16"]

1. e4 e5 2. Nf3 Nc6 3. Bc4 Nf6 4. Ng5 Bc5 5. Bxf7+ Ke7 6. Bb3 Rf8 7. O-O d6 8.
c3 h6 9. Nf3 Bg4 10. h3 Bh5 11. d3 Qd7 12. Nbd2 Nh7 13. g4 Bxg4 14. hxg4 Qxg4+
15. Kh1 Qh3+ 16. Nh2 h5 17. Ndf3 Kd7 18. Rg1 g5 19. Bxg5 Bxf2 20. Rg2 Bb6 21.
Qe2 Rae8 22. Be3 Nf6 23. Bxb6 axb6 24. Ng5 Qh4 25. Qf2 Qxf2 26. Rxf2 Ng4 27.
Nxg4 hxg4 28. Raf1 Rh8+ 29. Kg2 Nd8 30. Nf7 Nxf7 31. Rxf7+ Kc8 32. Rg7 Kb8 33.
Rff7 g3 34. Rxc7 Ref8 35. Rxb7+ Kc8 36. Be6+ Kd8 1-0

[Event "Online Olym Top DivD"]
[Site "chess.com INT"]
[Date "2020.08.21"]
[Round "1.4"]
[White "Plotkin, Mark"]
[Black "Acosta, Pablo Ismael"]
[Result "1-0"]
[WhiteElo "2435"]
[BlackElo "2465"]
[PlyCount "79"]
[EventDate "2020.08.21"]
[EventType "team (rapid)"]
[EventRounds "9"]
[EventCountry "NET"]
[Source "Mark Crowther"]
[SourceDate "2020.08.24"]
[WhiteTeam "Canada"]
[BlackTeam "Argentina"]
[WhiteTeamCountry "CAN"]
[BlackTeamCountry "ARG"]

1. c4 Nf6 2. Nc3 c5 3. e4 Nc6 4. d3 g6 5. f4 d6 6. g3 Bg7 7. Bg2 O-O 8. Nf3 Ne8
9. O-O Nc7 10. Be3 Ne6 11. Qd2 Ned4 12. Rae1 Rb8 13. f5 e6 14. fxg6 fxg6 15.
Bg5 Qe8 16. Nxd4 Rxf1+ 17. Rxf1 Nxd4 18. Qf4 e5 19. Qh4 Be6 20. Nd5 Bxd5 21.
cxd5 Qb5 22. Be7 Re8 23. Bxd6 Qb6 24. Be7 c4 25. Kh1 cxd3 26. d6 Nc6 27. Bh3 d2
28. Be6+ Kh8 29. Bf7 Qb5 30. Qh3 Qe2 31. Bxg6 h6 32. Bf6 Kg8 33. Bxe8 Nd4 34.
Bf7+ Kh7 35. Bxg7 Kxg7 36. Bb3 Nxb3 37. Qd7+ Kg6 38. Qf7+ Kg5 39. Rf5+ Kg4 40.
Qh5# 1-0

[Event "Online Olym Top DivD"]
[Site "chess.com INT"]
[Date "2020.08.21"]
[Round "3.5"]
[White "Plotkin, Mark"]
[Black "Cori, Jorge"]
[Result "0-1"]
[WhiteElo "2435"]
[BlackElo "2652"]
[PlyCount "64"]
[EventDate "2020.08.21"]
[EventType "team (rapid)"]
[EventRounds "9"]
[EventCountry "NET"]
[Source "Mark Crowther"]
[SourceDate "2020.08.24"]
[WhiteTeam "Canada"]
[BlackTeam "Peru"]
[WhiteTeamCountry "CAN"]
[BlackTeamCountry "PER"]

1. c4 e5 2. Nc3 Nc6 3. g3 g6 4. d3 Bg7 5. h4 h6 6. Nf3 d6 7. Bg2 f5 8. Bd2 Nf6
9. Rb1 Be6 10. b4 Qd7 11. b5 Ne7 12. Qc1 Rb8 13. a4 Ng4 14. O-O O-O 15. Nh2 f4
16. Nxg4 Bxg4 17. c5 Bh3 18. Nd5 Bxg2 19. Nxe7+ Qxe7 20. Kxg2 Qe6 21. f3 d5 22.
g4 Rbe8 23. Rb4 Kh8 24. Qc2 h5 25. g5 Rf7 26. a5 Kh7 27. c6 b6 28. axb6 axb6
29. Ra1 e4 30. dxe4 Bxa1 31. Qa2 Bg7 32. exd5 Qxe2+ 0-1

[Event "Online Olym Top DivD"]
[Site "chess.com INT"]
[Date "2020.08.22"]
[Round "6.2"]
[White "Plotkin, Mark"]
[Black "Vazquez, Guillermo"]
[Result "0-1"]
[WhiteElo "2435"]
[BlackElo "2527"]
[PlyCount "58"]
[EventDate "2020.08.21"]
[EventType "team (rapid)"]
[EventRounds "9"]
[EventCountry "NET"]
[Source "Mark Crowther"]
[SourceDate "2020.08.24"]
[WhiteTeam "Canada"]
[BlackTeam "Paraguay"]
[WhiteTeamCountry "CAN"]
[BlackTeamCountry "PAR"]

1. e4 c6 2. Nc3 d5 3. Nf3 Bg4 4. h3 Bxf3 5. Qxf3 e6 6. d4 Nf6 7. exd5 cxd5 8.
Bd3 Nc6 9. Ne2 g6 10. c3 Bg7 11. Bf4 O-O 12. h4 Re8 13. O-O-O e5 14. Bxe5 Nxe5
15. dxe5 Rxe5 16. Nd4 Qe7 17. g4 Ne4 18. Kb1 Rc8 19. Bc2 Nd6 20. h5 b5 21. hxg6
hxg6 22. Qg2 b4 23. f4 Re3 24. Qxd5 bxc3 25. f5 cxb2 26. Nc6 Qe8 27. Ba4 Ne4
28. Kc2 Nc3 29. Qd8 b1=Q+ 0-1

[Event "Online Olym Top DivD"]
[Site "chess.com INT"]
[Date "2020.08.23"]
[Round "7.4"]
[White "Lodici, Lorenzo"]
[Black "Plotkin, Mark"]
[Result "0-1"]
[WhiteElo "2489"]
[BlackElo "2435"]
[PlyCount "102"]
[EventDate "2020.08.21"]
[EventType "team (rapid)"]
[EventRounds "9"]
[EventCountry "NET"]
[Source "Mark Crowther"]
[SourceDate "2020.08.24"]
[WhiteTeam "Italy"]
[BlackTeam "Canada"]
[WhiteTeamCountry "ITA"]
[BlackTeamCountry "CAN"]

1. d4 g6 2. e4 Bg7 3. Nc3 d6 4. Be3 a6 5. g4 Nf6 6. h3 c5 7. Nge2 cxd4 8. Nxd4
b5 9. Bg2 Bb7 10. O-O e5 11. Nde2 b4 12. g5 bxc3 13. gxf6 Bxf6 14. Nxc3 O-O 15.
Qd2 Nc6 16. Nd5 Bg7 17. c3 Ne7 18. Nb6 Rb8 19. Rfd1 Nc8 20. Nc4 Qh4 21. f3 f5
22. Bf2 Qh5 23. Ne3 fxe4 24. fxe4 Bh6 25. Qc2 Rf7 26. Ng4 Bf4 27. Qe2 Qg5 28.
h4 Qe7 29. Rd3 Bc6 30. c4 h5 31. Nh2 Nb6 32. b3 Qc7 33. Rad1 Rbf8 34. Nf1 Nc8
35. Bh3 Qb7 36. Bg2 Rf6 37. Ne3 Bxe4 38. Nd5 Bxg2 39. Kxg2 Ne7 40. Qe4 Nxd5 41.
Rxd5 Qd7 42. Qe2 e4 43. Bd4 R6f7 44. Rg1 Qe6 45. Kf1 Be3+ 46. Ke1 Bxg1 47. Bxg1
Rf1+ 48. Qxf1 Rxf1+ 49. Kxf1 Qh3+ 50. Ke1 Qh1 51. Rg5 Qxh4+ 0-1

[Event "Online Olym Top DivD"]
[Site "chess.com INT"]
[Date "2020.08.23"]
[Round "9.3"]
[White "Robson, R."]
[Black "Plotkin, Mark"]
[Result "1-0"]
[WhiteElo "2673"]
[BlackElo "2435"]
[PlyCount "133"]
[EventDate "2020.08.21"]
[EventType "team (rapid)"]
[EventRounds "9"]
[EventCountry "NET"]
[Source "Mark Crowther"]
[SourceDate "2020.08.24"]
[WhiteTeam "United States of America"]
[BlackTeam "Canada"]
[BlackTeamCountry "CAN"]

1. e4 g6 2. d4 Bg7 3. Nc3 d6 4. f4 a6 5. Nf3 b5 6. e5 e6 7. Bd3 Bb7 8. O-O Ne7
9. Ne4 Nf5 10. c3 Nd7 11. Qe2 d5 12. Ng3 c5 13. dxc5 Nxc5 14. Bxb5+ Nd7 15. Bd3
Nc5 16. Bc2 Rc8 17. Nxf5 gxf5 18. Be3 Bf8 19. Rad1 Rg8 20. c4 Qc7 21. cxd5 Bxd5
22. Rxd5 exd5 23. Bxf5 Ne6 24. Ng5 Rxg5 25. fxg5 Qxe5 26. Qf2 Bd6 27. g3 Rc7
28. Re1 Re7 29. Bb6 Qg7 30. h4 h6 31. g6 Be5 32. gxf7+ Rxf7 33. Rxe5 Qxe5 34.
Bg6 Qg7 35. Qf5 Ke7 36. Bxf7 Qxf7 37. Qxd5 Qg6 38. Bc5+ Kf7 39. Qf3+ Kg8 40.
Bf2 Qb1+ 41. Kg2 Qxa2 42. Qg4+ Kf8 43. Qf5+ Kg7 44. Qe5+ Kf7 45. Qf5+ Kg7 46.
Qe5+ Kf7 47. Be3 Qc4 48. Bxh6 Qc2+ 49. Kh3 Qd3 50. Qe3 Qf1+ 51. Kh2 Qf5 52. Bf4
Kg6 53. Qd2 Nxf4 54. Qxf4 Qc2+ 55. Kh3 Qxb2 56. Qg5+ Kf7 57. Qd5+ Ke7 58. Qc5+
Kf7 59. Qc4+ Kg7 60. Qxa6 Qf2 61. Qb7+ Kg6 62. Qe4+ Kg7 63. Kg4 Qd2 64. Qe7+
Kh8 65. Qf6+ Kh7 66. Qf5+ Kh8 67. Qh5+ 1-0

[Event "Oakville Invitational"]
[Site "Oskville CAN"]
[Date "2020.02.19"]
[Round "1.5"]
[White "Plotkin, Mark"]
[Black "Hua, Eugene"]
[Result "1/2-1/2"]
[WhiteElo "2395"]
[BlackElo "2298"]
[PlyCount "101"]
[EventDate "2020.02.19"]
[EventType "tourn"]
[EventRounds "9"]
[EventCountry "CAN"]

1. c4 c5 2. Nf3 Nc6 3. Nc3 e5 4. g3 g6 5. Bg2 Bg7 6. d3 Nge7 7. h4 h6 8. h5 g5
9. Nxg5 hxg5 10. Bxg5 Bh6 11. Bxh6 Rxh6 12. Qd2 Rh8 13. Ne4 Qa5 14. Qxa5 Nxa5
15. Nxc5 d6 16. Ne4 Rh6 17. b4 Nac6 18. b5 Nd8 19. Kd2 Rb8 20. e3 b6 21. a4 f5
22. Nc3 Bb7 23. Bxb7 Nxb7 24. f3 Kf7 25. g4 Rg8 26. Rag1 Rg5 27. d4 Nd8 28. a5
Ne6 29. gxf5 Rxf5 30. Ne4 Rfxh5 31. Nxd6+ Kf8 32. Rxh5 Rxh5 33. axb6 axb6 34.
dxe5 Rxe5 35. Ra1 Nc5 36. Ra8+ Kg7 37. Rb8 Na4 38. Ne4 Kf7 39. Rb7 Ke6 40. Nf2
Rc5 41. e4 Ng6 42. Ke3 Rxc4 43. f4 Rc3+ 44. Kd4 Nxf4 45. Rxb6+ Nxb6 46. Kxc3
Ke5 47. Kb4 Ne6 48. Ka5 Nc4+ 49. Kb4 Nb6 50. Ka5 Nc4+ 51. Kb4 1/2-1/2

[Event "Oakville Invitational"]
[Site "Oskville CAN"]
[Date "2020.02.20"]
[Round "2.5"]
[White "Plotkin, Mark"]
[Black "Lund, Silas"]
[Result "1-0"]
[WhiteElo "2395"]
[BlackElo "2340"]
[PlyCount "79"]
[EventDate "2020.02.19"]
[EventType "tourn"]
[EventRounds "9"]
[EventCountry "CAN"]

1. e4 e5 2. Nf3 Nc6 3. Bb5 Nf6 4. O-O Nxe4 5. Re1 Nd6 6. Nxe5 Be7 7. Bd3 Nxe5
8. Rxe5 O-O 9. Nc3 c6 10. Qf3 g6 11. b3 Ne8 12. Bb2 Bf6 13. Ne4 Bxe5 14. Bxe5
f6 15. Bd6 Nxd6 16. Nxd6 Qe7 17. Qg3 Qe5 18. Bc4+ Kg7 19. d4 Qxg3 20. hxg3 b5
21. Bd3 Ba6 22. Re1 Rf7 23. a4 Kf8 24. Nxf7 Kxf7 25. f3 Re8 26. Ra1 Re6 27. Kf2
f5 28. axb5 cxb5 29. d5 Rb6 30. Ke3 d6 31. Kd4 Kf6 32. f4 h5 33. c4 bxc4 34.
bxc4 Ke7 35. Kc3 Bb7 36. Rxa7 Kd8 37. Bc2 Kc8 38. Ra1 Kc7 39. Re1 Ra6 40. Re7+
1-0

[Event "Oakville Invitational"]
[Site "Oskville CAN"]
[Date "2020.02.20"]
[Round "3.2"]
[White "Clyde, Jordan"]
[Black "Plotkin, Mark"]
[Result "0-1"]
[WhiteElo "2165"]
[BlackElo "2395"]
[PlyCount "72"]
[EventDate "2020.02.19"]
[EventType "tourn"]
[EventRounds "9"]
[EventCountry "CAN"]

1. e4 g6 2. c4 c5 3. Nf3 Nc6 4. d4 cxd4 5. Nxd4 Bg7 6. Be3 Nf6 7. Nc3 Ng4 8.
Qxg4 Nxd4 9. Qd1 Ne6 10. Qd2 b6 11. f3 Bb7 12. Bd3 O-O 13. Rc1 Rc8 14. O-O Qc7
15. Bb1 d6 16. b3 Bc6 17. b4 Qb8 18. a3 Nc7 19. Bd4 e5 20. Be3 Ne6 21. Ne2 Rfe8
22. Rfd1 Rcd8 23. Qe1 Rf8 24. Ba2 Kh8 25. Rd2 Qb7 26. Qd1 Qe7 27. Qb3 Ng5 28.
Rcd1 f5 29. h4 Nxf3+ 30. gxf3 fxe4 31. Bg5 Bf6 32. fxe4 Bxg5 33. hxg5 Bxe4 34.
Ng3 Qxg5 35. Rg2 Bf3 36. Rd3 Qc1+ 0-1

[Event "Oakville Invitational"]
[Site "Oskville CAN"]
[Date "2020.02.21"]
[Round "4.4"]
[White "Plotkin, Mark"]
[Black "Zhou, Liran"]
[Result "1-0"]
[WhiteElo "2395"]
[BlackElo "2307"]
[PlyCount "73"]
[EventDate "2020.02.19"]
[EventType "tourn"]
[EventRounds "9"]
[EventCountry "CAN"]

1. Nf3 Nf6 2. c4 g6 3. g3 Bg7 4. Bg2 O-O 5. O-O d6 6. Nc3 Nc6 7. Rb1 e5 8. d3
a5 9. a3 Bf5 10. e4 Bg4 11. h3 Bxf3 12. Bxf3 Nd7 13. b4 axb4 14. axb4 Nd4 15.
Bg2 c6 16. Ne2 Nxe2+ 17. Qxe2 f5 18. exf5 Rxf5 19. b5 Rc8 20. Be3 Rf8 21. bxc6
bxc6 22. Rb7 Rc7 23. Rfb1 Nf6 24. Qa2 Qd7 25. Qa6 Qc8 26. Qa7 Rxb7 27. Rxb7 Ne8
28. Rb8 Qe6 29. Bxc6 Nf6 30. Rb7 Rf7 31. Qb8+ Rf8 32. Rxg7+ Kxg7 33. Bh6+ Kxh6
34. Qxf8+ Kg5 35. Kg2 Qf5 36. Bf3 Qe6 37. h4+ 1-0

[Event "Oakville Invitational"]
[Site "Oskville CAN"]
[Date "2020.02.21"]
[Round "5.3"]
[White "Krnan, Tomas"]
[Black "Plotkin, Mark"]
[Result "1/2-1/2"]
[WhiteElo "2420"]
[BlackElo "2395"]
[PlyCount "101"]
[EventDate "2020.02.19"]
[EventType "tourn"]
[EventRounds "9"]
[EventCountry "CAN"]

1. e4 e5 2. Nf3 Nf6 3. Nxe5 d6 4. Nf3 Nxe4 5. Nc3 Nxc3 6. dxc3 Be7 7. Be3 Be6
8. Nd4 Qd7 9. Qf3 Nc6 10. Bb5 d5 11. Nxe6 Qxe6 12. O-O-O O-O-O 13. Bxc6 Qxc6
14. Qxf7 Bf6 15. Qh5 Qc4 16. Kb1 Qe4 17. Qh3+ Kb8 18. Rhe1 Qg6 19. Qf3 c6 20.
Qf4+ Ka8 21. g3 Rhe8 22. Qb4 Qe4 23. Qc5 d4 24. cxd4 Rd5 25. Qc4 Rxd4 26. Rxd4
Qxd4 27. Qxd4 Bxd4 28. c3 Bf6 29. Kc2 b6 30. Rd1 Re7 31. g4 g6 32. Kd3 Kb7 33.
f4 c5 34. Ke2 Kc6 35. Kf3 a5 36. Rd2 a4 37. c4 Rb7 38. g5 Be7 39. b3 b5 40.
cxb5+ Rxb5 41. bxa4 Ra5 42. h4 Rxa4 43. h5 c4 44. hxg6 hxg6 45. Bd4 c3 46. Bxc3
Ra3 47. Rc2 Bb4 48. Ke4 Rxc3 49. Rxc3+ Bxc3 50. f5 gxf5+ 51. Kxf5 1/2-1/2

[Event "Oakville Invitational"]
[Site "Oskville CAN"]
[Date "2020.02.22"]
[Round "6.3"]
[White "Plotkin, Mark"]
[Black "Liang, Jason"]
[Result "1-0"]
[WhiteElo "2395"]
[BlackElo "2353"]
[PlyCount "85"]
[EventDate "2020.02.19"]
[EventType "tourn"]
[EventRounds "9"]
[EventCountry "CAN"]

1. Nf3 Nf6 2. g3 d5 3. Bg2 e6 4. O-O Be7 5. d3 O-O 6. Nbd2 c5 7. e4 Nc6 8. a4
b6 9. Re1 Bb7 10. e5 Nd7 11. Nf1 a6 12. h4 b5 13. Bf4 Nb6 14. a5 Nd7 15. Ng5 h6
16. Nh3 Kh7 17. Qh5 Qe8 18. Ng5+ Kg8 19. Nh2 Nd8 20. Bh3 f5 21. Qxe8 Rxe8 22.
Ngf3 Nc6 23. g4 fxg4 24. Bxg4 Bd8 25. Kh1 Bc7 26. c3 Kh7 27. d4 Nxa5 28. Rg1
Nb3 29. Rad1 a5 30. Rg3 Nf8 31. Rdg1 Re7 32. Bh5 Bc6 33. Ng4 Be8 34. Nf6+ gxf6
35. exf6 Bxh5 36. fxe7 Ng6 37. Bxc7 Re8 38. Bd6 Nxe7 39. Rg7+ Kh8 40. Be5 Bxf3+
41. Kh2 Nc6 42. Rg8+ Kh7 43. R1g7# 1-0

[Event "Oakville Invitational"]
[Site "Oskville CAN"]
[Date "2020.02.22"]
[Round "7.4"]
[White "Posthuma, Joshua"]
[Black "Plotkin, Mark"]
[Result "0-1"]
[WhiteElo "2353"]
[BlackElo "2395"]
[PlyCount "132"]
[EventDate "2020.02.19"]
[EventType "tourn"]
[EventRounds "9"]
[EventCountry "CAN"]

1. b3 e5 2. Bb2 Nc6 3. e3 g6 4. Bb5 Bg7 5. d4 exd4 6. Nf3 Nf6 7. Bxc6 dxc6 8.
Qxd4 Qe7 9. Nc3 O-O 10. O-O-O a5 11. Qh4 Re8 12. e4 Bg4 13. Rhe1 Bxf3 14. gxf3
Nh5 15. Qxe7 Rxe7 16. Ne2 Bxb2+ 17. Kxb2 Rae8 18. Ng3 Nf4 19. Rd2 Kg7 20. Red1
Kf6 21. Kc3 Kg5 22. h4+ Kf6 23. Rg1 Re5 24. Nf1 h5 25. Ne3 b5 26. Ng2 Ne6 27.
Ne1 b4+ 28. Kb2 Rc5 29. Nd3 Rc3 30. f4 c5 31. Rg3 c4 32. bxc4 Rxc4 33. f3 Rc3
34. f5 gxf5 35. exf5 Kxf5 36. Re2 f6 37. Re4 Rd8 38. Rg2 Rdxd3 39. cxd3 Nc5 40.
Rg1 Nxe4 41. fxe4+ Ke5 42. Rg3 a4 43. Rf3 a3+ 44. Kb1 c5 45. Rf5+ Kd4 46. Rxh5
Kxd3 47. Rf5 Kxe4 48. Rxf6 Rh3 49. Kc2 Rxh4 50. Rf2 Ke3 51. Rg2 Rc4+ 52. Kb1
Rf4 53. Rg3+ Rf3 54. Rg1 c4 55. Rc1 Kd2 56. Rc2+ Kd3 57. Rc1 b3 58. Rd1+ Kc3
59. Rc1+ Kb4 60. Rh1 b2 61. Rg1 Rc3 62. Rd1 Rc1+ 63. Rxc1 bxc1=Q+ 64. Kxc1 Kc3
65. Kd1 Kb2 66. Kd2 c3+ 0-1

[Event "Oakville Invitational"]
[Site "Oskville CAN"]
[Date "2020.02.23"]
[Round "8.2"]
[White "Plotkin, Mark"]
[Black "Migot, Tangi"]
[Result "1/2-1/2"]
[WhiteElo "2395"]
[BlackElo "2384"]
[PlyCount "52"]
[EventDate "2020.02.19"]
[EventType "tourn"]
[EventRounds "9"]
[EventCountry "CAN"]

1. Nf3 d5 2. d4 Nf6 3. c4 e6 4. Nc3 Nbd7 5. Bf4 c6 6. e3 Be7 7. h3 O-O 8. cxd5
exd5 9. Bd3 Re8 10. O-O Nf8 11. Ne5 Ng6 12. Nxg6 hxg6 13. Qc2 Be6 14. Na4 Bd6
15. Bxd6 Qxd6 16. a3 Nd7 17. b4 b5 18. Nc5 Nxc5 19. bxc5 Qd7 20. a4 a6 21. g4
Bxg4 22. hxg4 Qxg4+ 23. Kh2 Qh4+ 24. Kg2 Qg4+ 25. Kh2 Qh4+ 26. Kg2 Qg4+ 1/2-1/2

[Event "Charlotte Winter GM"]
[Site "Charlotte USA"]
[Date "2020.01.16"]
[Round "1.3"]
[White "Hong, Andrew"]
[Black "Plotkin, Mark"]
[Result "1-0"]
[WhiteElo "2428"]
[BlackElo "2395"]
[PlyCount "127"]
[EventDate "2020.01.16"]
[EventType "tourn"]
[EventRounds "9"]
[EventCountry "USA"]
[EventCategory "8"]
[Source "ChessMix"]
[SourceDate "2020.02.01"]

1. e4 g6 2. d4 Bg7 3. Nc3 d6 4. Be3 Nf6 5. Qd2 Ng4 6. Bf4 Nc6 7. d5 Nce5 8. h3
Nf6 9. Be3 c6 10. f4 Ned7 11. g4 cxd5 12. exd5 a6 13. Nge2 b5 14. Bg2 Nb6 15.
Bd4 Nc4 16. Qc1 O-O 17. b3 Nb6 18. a4 Bb7 19. axb5 axb5 20. Nxb5 Bxd5 21. Rxa8
Bxa8 22. Bxa8 Qxa8 23. O-O Rc8 24. c4 Nbd7 25. Qe3 Nc5 26. Ng3 Qb7 27. Ra1 Ne6
28. Ra7 Qc6 29. Rxe7 Nxd4 30. Nxd4 Qc5 31. Nf3 Nd7 32. Kf2 Qxe3+ 33. Rxe3 Bb2
34. Ne2 Nc5 35. b4 Na4 36. Nd2 Nb6 37. Rb3 Bg7 38. Ke3 Ra8 39. Nc3 Kf8 40. Nd5
Rb8 41. Nxb6 Rxb6 42. Ne4 Ke7 43. b5 Rb7 44. Ra3 f5 45. gxf5 gxf5 46. Nc3 Bxc3
47. Rxc3 Ra7 48. Rb3 Kd7 49. Kd4 Ra1 50. Rg3 Rf1 51. Rg7+ Ke6 52. Ke3 Re1+ 53.
Kd3 h5 54. b6 Rb1 55. b7 h4 56. Rh7 d5 57. Rh6+ Kd7 58. cxd5 Kc7 59. Kd4 Re1
60. Rh7+ Kb8 61. Kc5 Re3 62. d6 Rd3 63. d7 Rd1 64. Rh8+ 1-0

[Event "Charlotte Winter GM"]
[Site "Charlotte USA"]
[Date "2020.01.18"]
[Round "5.5"]
[White "Yu, Jennifer"]
[Black "Plotkin, Mark"]
[Result "0-1"]
[WhiteElo "2321"]
[BlackElo "2395"]
[PlyCount "72"]
[EventDate "2020.01.16"]
[EventType "tourn"]
[EventRounds "9"]
[EventCountry "USA"]
[EventCategory "8"]
[Source "ChessMix"]
[SourceDate "2020.02.01"]

1. d4 g6 2. e4 Bg7 3. Nf3 d6 4. c3 Nf6 5. Bd3 O-O 6. O-O Nc6 7. d5 Nb8 8. c4 e5
9. dxe6 Bxe6 10. Nc3 Nbd7 11. Ng5 Nc5 12. Nxe6 fxe6 13. Bc2 Nfd7 14. Be3 Bxc3
15. bxc3 Qf6 16. Qe1 e5 17. Qe2 Ne6 18. g3 Ndc5 19. f3 Rf7 20. Kg2 Kf8 21. Rf2
Ke7 22. Qd2 g5 23. Kf1 Raf8 24. Ke1 Qg6 25. Qe2 Qh5 26. Bd1 Rf6 27. Rb1 b6 28.
Rb2 Qh3 29. Bc2 g4 30. fxg4 Rxf2 31. Bxf2 Qxh2 32. Bb1 Na4 33. Rb3 Qh6 34. Kd1
Ng5 35. Bd3 Qh1+ 36. Kc2 Qa1 0-1

[Event "Charlotte Winter GM"]
[Site "Charlotte USA"]
[Date "2020.01.19"]
[Round "6.3"]
[White "Jacobson, Brandon"]
[Black "Plotkin, Mark"]
[Result "1-0"]
[WhiteElo "2470"]
[BlackElo "2395"]
[PlyCount "151"]
[EventDate "2020.01.16"]
[EventType "tourn"]
[EventRounds "9"]
[EventCountry "USA"]
[EventCategory "8"]
[Source "ChessMix"]
[SourceDate "2020.02.01"]

1. Nf3 g6 2. d4 Bg7 3. c4 d6 4. Nc3 e5 5. e4 exd4 6. Nxd4 Nf6 7. Be2 O-O 8. O-O
Re8 9. f3 Nbd7 10. Kh1 Nc5 11. Be3 Ne6 12. Qd2 Nxd4 13. Bxd4 Bd7 14. Rfd1 Bc6
15. b4 b6 16. Nd5 a5 17. a3 Nd7 18. Bxg7 Kxg7 19. Qd4+ Kg8 20. Rdc1 Bb7 21. Nc3
Bc6 22. Bd1 Qg5 23. Nd5 Qd8 24. Bb3 Re6 25. Qb2 Ra7 26. Nc3 Re5 27. Nd5 Re6 28.
Rd1 Qf8 29. Rac1 Qg7 30. Qxg7+ Kxg7 31. Kg1 Re8 32. Kf2 axb4 33. axb4 Rea8 34.
Ke1 Ra3 35. Rb1 R8a7 36. Nc3 Ne5 37. Kd2 g5 38. Kc2 f6 39. Kb2 Ra8 40. Nb5 Bxb5
41. cxb5 R3a7 42. Bd5 Re8 43. Ra1 Rxa1 44. Rxa1 Re7 45. Kc3 h5 46. Kd4 h4 47.
Ra3 Kg6 48. g3 hxg3 49. hxg3 f5 50. exf5+ Kxf5 51. Ra8 Kf6 52. Rf8+ Kg7 53. Rf5
Kh6 54. Be4 g4 55. f4 Nf3+ 56. Kd5 Nd2 57. Bd3 Re3 58. Kd4 Re7 59. Rf6+ Kg7 60.
Rg6+ Kf7 61. Rxg4 Nf3+ 62. Kd5 Re3 63. Bg6+ Kf6 64. Bh5 Nd2 65. Rg6+ Ke7 66.
Rg7+ Kd8 67. g4 Rd3+ 68. Kc6 Rc3+ 69. Kb7 Ne4 70. Rg8+ Kd7 71. Be8+ Ke6 72. Bc6
Nf6 73. Rg7 d5 74. Rxc7 d4 75. g5 Nd5 76. f5+ 1-0

[Event "Charlotte Winter GM"]
[Site "Charlotte USA"]
[Date "2020.01.20"]
[Round "8.1"]
[White "Mishra, Abhimanyu"]
[Black "Plotkin, Mark"]
[Result "0-1"]
[WhiteElo "2397"]
[BlackElo "2395"]
[PlyCount "100"]
[EventDate "2020.01.16"]
[EventType "tourn"]
[EventRounds "9"]
[EventCountry "USA"]
[EventCategory "8"]
[Source "ChessMix"]
[SourceDate "2020.02.01"]

1. e4 e5 2. Nf3 Nc6 3. d4 exd4 4. Nxd4 Nf6 5. Nxc6 bxc6 6. e5 Qe7 7. Qe2 Nd5 8.
h4 Qe6 9. Nd2 Nb4 10. Nf3 Ba6 11. c4 d5 12. a3 Bxc4 13. Qd1 Bxf1 14. Kxf1 Na6
15. b4 Be7 16. Bg5 c5 17. Qa4+ Kf8 18. Bxe7+ Kxe7 19. Ng5 Qb6 20. e6 c6 21.
Nxf7 Rhf8 22. Qc2 cxb4 23. Re1 Nc5 24. axb4 Ne4 25. Rh3 h6 26. Rf3 Qxb4 27. Re2
Rab8 28. Qxc6 Qb1+ 29. Re1 Qb5+ 30. Qxb5 Rxb5 31. Kg1 Rc8 32. Rf4 Rbc5 33. f3
Rc1 34. Rxc1 Rxc1+ 35. Kh2 Nc5 36. Ne5 Kxe6 37. Ng6 a5 38. Rd4 Rc4 39. Rd2 Nb3
40. Rd3 Nc5 41. Re3+ Kf6 42. h5 d4 43. Re8 d3 44. Rc8 a4 45. Rc6+ Ne6 46. Rxc4
d2 47. Rxa4 d1=Q 48. Re4 Qd6+ 49. f4 Qd1 50. Kg3 Qd3+ 0-1